[Event "Buenos Aires Faogba 35th"]
[Site "Buenos Aires"]
[Date "2018.11.??"]
[Round "5.3"]
[White "Lalanne, Pablo"]
[Black "Biancosino, Rafael"]
[Result "1-0"]
[WhiteElo "2208"]
[BlackElo "2064"]
[PlyCount "57"]
[EventDate "2018.11.13"]
[EventType "swiss"]
[EventRounds "7"]
[EventCountry "ARG"]
[SourceTitle "EXT 2024"]
[Source "ChessBase"]
[SourceDate "2023.10.10"]
[SourceVersion "1"]
[SourceVersionDate "2023.10.10"]
[SourceQuality "1"]

1. e4 e5 2. Nf3 Nc6 3. Bb5 a6 4. Ba4 Nf6 5. 0-0 Be7 6. Re1 b5 7. Bb3 0-0 8. h3 d6 9. c3 Na5 10. Bc2 c5 11. d4 Nd7 12. d5 Nb6 13. b3 Nb7 14. Nbd2 Bd7 15. Rb1 f5 16. exf5 Bxf5 17. Bxf5 Rxf5 18. Ne4 h6 19. Ng3 Rf7 20. Re4 Nd7 21. Nh5 Rf5 22. Nh2 Qf8 23. Qg4 g5 24. Ng3 Rxf2 25. Qxd7 Nd8 26. Be3 Rxa2 27. Rf1 Nf7 28. Nf5 Re8 29. Nxh6+ 1-0

[Event "Moron Philidor CC op 17th"]
[Site "Moron"]
[Date "2018.09.15"]
[Round "5"]
[White "Biancosino, Rafael"]
[Black "Medina, Gustavo"]
[Result "1-0"]
[WhiteElo "2060"]
[BlackElo "1990"]
[PlyCount "96"]
[EventDate "2018.09.04"]
[EventType "swiss"]
[EventRounds "6"]
[EventCountry "ARG"]
[SourceTitle "CBM 186 Extra"]
[Source "ChessBase"]
[SourceDate "2018.08.24"]
[SourceVersion "1"]
[SourceVersionDate "2018.08.24"]
[SourceQuality "1"]

1. e4 Nf6 2. Nc3 d5 3. e5 d4 4. exf6 dxc3 5. bxc3 exf6 6. d4 Bd6 7. Bd3 0-0 8. h3 Re8+ 9. Ne2 c5 10. 0-0 Nc6 11. Be3 Qa5 12. d5 Ne5 13. c4 Qa4 14. Nc3 Qd7 15. Ne4 Nxd3 16. cxd3 Bb8 17. Qf3 b6 18. a4 Qf5 19. Qxf5 Bxf5 20. f3 Bd7 21. Bf2 Be5 22. Ra2 f5 23. Nd2 Bc3 24. Nb3 f4 25. a5 Bf5 26. Rd1 g5 27. d4 Bb4 28. dxc5 bxc5 29. Bxc5 Bxc5+ 30. Nxc5 Rec8 31. Nb7 Rxc4 32. Nd6 Rc2 33. Ra4 Bd7 34. Rad4 Rb8 35. R4d2 Rxd2 36. Rxd2 Kf8 37. Rc2 Rb1+ 38. Kh2 Rd1 39. Rc5 f5 40. Nc4 Rc1 41. Ne5 Rxc5 42. Nxd7+ Ke7 43. Nxc5 Kd6 44. Ne6 h6 45. h4 Kxd5 46. Nxg5 hxg5 47. hxg5 Ke6 48. Kh3 Kf7 1-0

[Event "Moron Philidor CC op 17th"]
[Site "Moron"]
[Date "2018.09.11"]
[Round "3"]
[White "Biancosino, Rafael"]
[Black "Solano, Pablo"]
[Result "1-0"]
[WhiteElo "2060"]
[BlackElo "1918"]
[PlyCount "91"]
[EventDate "2018.09.04"]
[EventType "swiss"]
[EventRounds "6"]
[EventCountry "ARG"]
[SourceTitle "CBM 186 Extra"]
[Source "ChessBase"]
[SourceDate "2018.08.24"]
[SourceVersion "1"]
[SourceVersionDate "2018.08.24"]
[SourceQuality "1"]

1. e4 c6 2. Nc3 d5 3. Nf3 d4 4. Ne2 c5 5. Ng3 Nf6 6. Bc4 Nc6 7. d3 Bg4 8. 0-0 a6 9. e5 Nd5 10. h3 Bxf3 11. Qxf3 e6 12. Re1 Be7 13. Qg4 g6 14. Bh6 Qc7 15. Bxd5 exd5 16. Bg7 Rg8 17. Bf6 Qc8 18. Qh4 Qe6 19. Qxh7 0-0-0 20. Qh4 Kb8 21. Re2 Bxf6 22. exf6 g5 23. Qh6 Qd7 24. Qh5 Rg6 25. Qf3 Qd6 26. Nh5 Rh8 27. Rae1 Ka7 28. g4 Nd8 29. Re5 Ne6 30. Qxd5 Qb6 31. Rxe6 fxe6 32. Qxe6 Qxb2 33. Qf5 Qc3 34. Re5 Rgg8 35. Rxc5 Qa1+ 36. Kg2 Qxa2 37. Rc7 Ka8 38. Qd7 Rd8 39. Qf5 Qd5+ 40. Qe4 Qb5 41. f7 Rhf8 42. Ng7 Rd7 43. Qe8+ Rd8 44. Qxb5 axb5 45. Ne6 Kb8 46. Nxf8 1-0

[Event "Moron Amateur-ch"]
[Site "Moron"]
[Date "2018.07.21"]
[Round "3"]
[White "Biancosino, Rafael"]
[Black "Ostoich, Mariano Ivan"]
[Result "1-0"]
[WhiteElo "2048"]
[BlackElo "2138"]
[PlyCount "67"]
[EventDate "2018.07.17"]
[EventType "swiss"]
[EventRounds "7"]
[EventCountry "ARG"]
[SourceTitle "EXT 2019"]
[Source "ChessBase"]
[SourceDate "2018.10.10"]
[SourceVersion "1"]
[SourceVersionDate "2018.10.10"]
[SourceQuality "1"]

1. e4 c5 2. Nc3 Nc6 3. d3 g6 4. g3 Bg7 5. Bg2 e6 6. Nge2 Nge7 7. 0-0 0-0 8. f4 b6 9. g4 f5 10. gxf5 exf5 11. Be3 d6 12. Rb1 Bb7 13. a3 a5 14. Nb5 Ba6 15. a4 Rc8 16. c3 Kh8 17. Qb3 Qd7 18. Rbd1 Nd8 19. Ng3 Bxb5 20. axb5 Qe6 21. c4 Qf7 22. Kh1 Ne6 23. Ne2 Rc7 24. Nc3 Qf6 25. exf5 gxf5 26. Rd2 Nd4 27. Qd1 Rg8 28. Bd5 Re8 29. Qh5 Qg6 30. Qd1 Nxd5 31. Nxd5 Rb7 32. Rg2 Qh6 33. Re1 Qh3 34. Bxd4 1-0

[Event "Moron Faogba op"]
[Site "Moron"]
[Date "2018.03.03"]
[Round "1"]
[White "Biancosino, Rafael"]
[Black "Gonzalez, Domingo"]
[Result "1-0"]
[WhiteElo "2035"]
[BlackElo "1764"]
[PlyCount "75"]
[EventDate "2018.03.03"]
[EventType "swiss"]
[EventRounds "7"]
[EventCountry "ARG"]
[SourceTitle "CBM 183 Extra"]
[Source "ChessBase"]
[SourceDate "2018.04.19"]
[SourceVersion "1"]
[SourceVersionDate "2018.04.19"]
[SourceQuality "1"]

1. e4 d6 2. d4 Nf6 3. Nc3 g6 4. f4 Bg7 5. Nf3 Bg4 6. h3 Bxf3 7. Qxf3 c6 8. e5 dxe5 9. fxe5 Nd5 10. Bc4 e6 11. Ne4 0-0 12. c3 Nd7 13. 0-0 f5 14. exf6 N7xf6 15. Ng5 Qd7 16. Qe2 Rae8 17. Bd2 Re7 18. Nf3 Nh5 19. Ne5 Rxf1+ 20. Rxf1 Ng3 21. Nxd7 Nxe2+ 22. Bxe2 Rxd7 23. Bg4 Re7 24. Bg5 Re8 25. Re1 Kf7 26. Kf1 h5 27. Bf3 e5 28. c4 Nb6 29. d5 cxd5 30. c5 Na4 31. Bxd5+ Kf8 32. b4 Nc3 33. Bxb7 Rb8 34. c6 Nb5 35. a4 Nd6 36. Ba6 Kf7 37. Rd1 Ke6 38. c7 1-0

[Event "Moron Philidor CC U2200 15th"]
[Site "Buenos Aires"]
[Date "2017.09.23"]
[Round "7"]
[White "Lo Presti, Roberto"]
[Black "Biancosino, Rafael"]
[Result "0-1"]
[WhiteElo "1935"]
[BlackElo "2065"]
[PlyCount "61"]
[EventDate "2017.09.12"]
[EventType "swiss"]
[EventRounds "7"]
[EventCountry "ARG"]
[SourceTitle "CBM 180 Extra"]
[Source "ChessBase"]
[SourceDate "2017.10.06"]
[SourceVersion "1"]
[SourceVersionDate "2017.10.06"]
[SourceQuality "1"]

1. e4 e5 2. Nf3 Nc6 3. d4 exd4 4. Nxd4 Bc5 5. Nb3 Bb6 6. Qe2 a5 7. a4 Qf6 8. Nc3 Nb4 9. Nd5 Nxd5 10. exd5+ Ne7 11. h4 Qd6 12. c4 Qb4+ 13. Nd2 0-0 14. Rh3 Nf5 15. Rb3 Qd6 16. Nf3 Bc5 17. Qe4 g6 18. Bd2 Ng7 19. 0-0-0 Re8 20. Qf4 Bxf2 21. Qxd6 cxd6 22. Bf4 Bc5 23. Bd3 b6 24. g4 Ba6 25. Ng5 f5 26. gxf5 gxf5 27. Bf1 Rac8 28. Rf3 h6 29. Nh3 Kh7 30. b3 Re7 31. Bd3 0-1

[Event "Moron Philidor CC 13th"]
[Site "Moron"]
[Date "2017.05.20"]
[Round "7.1"]
[White "Biancosino, Rafael"]
[Black "Herrera, Pablo"]
[Result "1-0"]
[WhiteElo "2051"]
[BlackElo "2071"]
[PlyCount "67"]
[EventDate "2017.05.09"]
[EventType "swiss"]
[EventRounds "7"]
[EventCountry "ARG"]
[SourceTitle "EXT 2024"]
[Source "ChessBase"]
[SourceDate "2023.10.10"]
[SourceVersion "1"]
[SourceVersionDate "2023.10.10"]
[SourceQuality "1"]

1. e4 d5 2. exd5 Nf6 3. d4 Bg4 4. f3 Bf5 5. Bb5+ Nbd7 6. c4 Bxb1 7. Rxb1 a6 8. Ba4 g6 9. Ne2 Bg7 10. 0-0 0-0 11. Bc2 b5 12. b3 Nb6 13. Bd3 Qd7 14. Be3 e6 15. dxe6 Qxe6 16. Qc1 Rfe8 17. Bd2 c6 18. Re1 Qd7 19. Bc3 Nh5 20. Qg5 f5 21. Rbd1 Qf7 22. Bc2 bxc4 23. bxc4 a5 24. g4 fxg4 25. fxg4 Nf6 26. d5 cxd5 27. cxd5 Nbxd5 28. Bb3 h6 29. Qd2 Ne4 30. Qxd5 Qxd5 31. Bxd5+ Kh7 32. Bxg7 Rad8 33. Bb2 Ng5 34. Kg2 1-0

[Event "Moron Philidor CC U2200"]
[Site "Moron"]
[Date "2016.09.22"]
[Round "6"]
[White "Romanelli, Gabriel Adrian"]
[Black "Biancosino, Rafael"]
[Result "1/2-1/2"]
[WhiteElo "2085"]
[BlackElo "2044"]
[PlyCount "103"]
[EventDate "2016.09.13"]
[EventType "swiss"]
[EventRounds "7"]
[EventCountry "ARG"]
[SourceTitle "CBM 174 Extra"]
[Source "ChessBase"]
[SourceDate "2016.10.10"]
[SourceVersion "1"]
[SourceVersionDate "2016.10.10"]
[SourceQuality "1"]

1. d4 f5 2. Nc3 Nf6 3. Bg5 g6 4. Bxf6 exf6 5. e3 d5 6. h4 Be6 7. Bd3 Nc6 8. a3 Qd7 9. Nge2 a6 10. Nf4 Bf7 11. Qf3 0-0-0 12. b4 Ne5 13. dxe5 fxe5 14. Nfe2 e4 15. Qh3 Bg7 16. Nd4 exd3 17. cxd3 b6 18. Rc1 Kb7 19. Nde2 d4 20. Qf3+ c6 21. exd4 Bxd4 22. 0-0 Rhe8 23. Nf4 Bf6 24. a4 Kb8 25. g3 h6 26. b5 cxb5 27. axb5 a5 28. Qc6 Qxc6 29. bxc6 Bxc3 30. Rxc3 Kc7 31. Rfc1 Rd6 32. f3 a4 33. Kf2 b5 34. Rc5 Kb6 35. c7 Rc8 36. Ke3 Rd7 37. Rc6+ Kb7 38. R6c5 Rdxc7 39. Rxb5+ Ka6 40. Rxc7 Rxc7 41. Rb1 a3 42. Ra1 a2 43. d4 Rc3+ 44. Kd2 Rxf3 45. d5 g5 46. hxg5 hxg5 47. Rxa2+ Kb5 48. Rb2+ Kc5 49. Rc2+ Kd6 50. Rc6+ Kd7 51. Rf6 Ke7 52. Rxf5 1/2-1/2

[Event "Moron Philidor CC U2200"]
[Site "Moron"]
[Date "2016.09.17"]
[Round "4"]
[White "Ardiles, Manuel"]
[Black "Biancosino, Rafael"]
[Result "0-1"]
[WhiteElo "1852"]
[BlackElo "2044"]
[PlyCount "42"]
[EventDate "2016.09.13"]
[EventType "swiss"]
[EventRounds "7"]
[EventCountry "ARG"]
[SourceTitle "CBM 174 Extra"]
[Source "ChessBase"]
[SourceDate "2016.10.10"]
[SourceVersion "1"]
[SourceVersionDate "2016.10.10"]
[SourceQuality "1"]

1. d4 f5 2. Nf3 Nf6 3. g3 g6 4. Bg2 Bg7 5. 0-0 d6 6. c3 0-0 7. Qb3+ e6 8. Ng5 d5 9. Bf4 Nc6 10. Na3 Nh5 11. Bd2 f4 12. Nf3 g5 13. e4 dxe4 14. Ne1 f3 15. Bh3 Qf6 16. Bg4 Qg6 17. Bxh5 Qxh5 18. Nb5 Rf7 19. Nc2 a6 20. Nba3 Rf6 21. Rfe1 Qh3 0-1

[Event "Faogba-chT sup"]
[Site "San Antonio de Padua"]
[Date "2001.10.13"]
[Round "5"]
[White "Solis, Carlos"]
[Black "Biancosino, Rafael"]
[Result "1/2-1/2"]
[WhiteElo "2024"]
[BlackElo "2184"]
[PlyCount "83"]
[EventDate "2001.09.15"]
[EventType "team-swiss"]
[EventRounds "5"]
[EventCountry "ARG"]
[SourceTitle "CBM 085 Extra"]
[Source "ChessBase"]
[SourceDate "2002.01.21"]
[SourceVersion "1"]
[SourceVersionDate "2002.01.21"]
[SourceQuality "1"]

1. Nf3 d5 2. d4 Nf6 3. c4 c6 4. Nc3 g6 5. Bg5 Nbd7 6. e3 Bg7 7. Bd3 0-0 8. 0-0 Re8 9. h3 Qa5 10. Bf4 Nh5 11. Bh2 e5 12. Nxe5 Nxe5 13. Bxe5 Bxe5 14. dxe5 Rxe5 15. cxd5 cxd5 16. Ne2 Qb4 17. Nd4 Qxb2 18. Qa4 Nf6 19. Rac1 Bd7 20. Qa5 b6 21. Qa6 Qb4 22. Rc7 Qd6 23. Rfc1 Ne4 24. Qb7 Rd8 25. Bxe4 dxe4 26. Qxa7 Rg5 27. Kh1 Ra5 28. Qb7 Rxa2 29. R7c2 Rxc2 30. Rxc2 Qe5 31. Qc7 Qxc7 32. Rxc7 Ba4 33. Rb7 Rd6 34. Kg1 Kg7 35. Kf1 Kf6 36. Ke2 Bd7 37. Kd2 Ke5 38. Kc3 f5 39. g3 g5 40. Kb4 f4 41. gxf4+ gxf4 42. h4 1/2-1/2

[Event "CAVB-FBCC m"]
[Site "Caseros"]
[Date "1993.??.??"]
[Round "?"]
[White "Fulgenzi, Ernesto"]
[Black "Biancosino, Rafael"]
[Result "1-0"]
[WhiteElo "2325"]
[BlackElo "2190"]
[PlyCount "113"]
[EventDate "1993.??.??"]
[EventType "team"]
[EventRounds "1"]
[EventCountry "ARG"]
[SourceTitle "EXT 2005"]
[Source "ChessBase"]
[SourceDate "2004.11.15"]
[SourceVersion "1"]
[SourceVersionDate "2004.11.15"]
[SourceQuality "1"]

1. d4 d5 2. c4 e6 3. Nc3 Nf6 4. Bg5 Be7 5. Nf3 0-0 6. e3 b6 7. cxd5 exd5 8. Bd3 Bb7 9. 0-0 h6 10. Bxf6 Bxf6 11. Rc1 Re8 12. Bb1 a6 13. Re1 Nd7 14. e4 dxe4 15. Nxe4 Be7 16. Qc2 Bxe4 17. Qxe4 Nf6 18. Qc6 Bd6 19. Ne5 Re7 20. a3 Qe8 21. Ba2 Qxc6 22. Rxc6 Rd8 23. f4 Nd7 24. Rec1 Kf8 25. R6c2 Nb8 26. b4 a5 27. bxa5 bxa5 28. Rc3 g6 29. g3 Kg7 30. Nc4 Re2 31. R1c2 Rxc2 32. Rxc2 Be7 33. Ne5 c6 34. Rb2 Rxd4 35. Rb7 Rd1+ 36. Kg2 Rd2+ 37. Kh3 Rxa2 38. Rxe7 Rxa3 39. Rxf7+ Kg8 40. Ra7 Rb3 41. Nxg6 Rb5 42. Kg4 h5+ 43. Kh4 c5 44. Ne5 Kf8 45. Kxh5 c4 46. Rc7 Na6 47. Rxc4 Nb4 48. Kg6 Rb6+ 49. Kf5 Ke7 50. Rc7+ Kd8 51. Ra7 Na6 52. Nc4 Rc6 53. Ne5 Rb6 54. g4 a4 55. g5 a3 56. g6 a2 57. g7 1-0

[Event "Buenos Aires GP I"]
[Site "Buenos Aires"]
[Date "1992.??.??"]
[Round "5"]
[White "Biancosino, Rafael"]
[Black "Mendez, Ernesto"]
[Result "0-1"]
[WhiteElo "2205"]
[BlackElo "2345"]
[PlyCount "118"]
[EventDate "1992.??.??"]
[EventType "swiss"]
[EventRounds "7"]
[EventCountry "ARG"]
[SourceTitle "EXT 1998"]
[Source "ChessBase"]
[SourceDate "1997.11.17"]
[SourceVersion "1"]
[SourceVersionDate "1997.11.17"]
[SourceQuality "1"]

1. e4 c5 2. Nf3 Nc6 3. Bb5 Nf6 4. Bxc6 dxc6 5. h3 Nxe4 6. d3 Nd6 7. Nc3 Bf5 8. g4 Bg6 9. h4 f6 10. h5 Bf7 11. g5 Qd7 12. Be3 c4 13. dxc4 Nxc4 14. Qxd7+ Kxd7 15. 0-0-0+ Kc7 16. Bf4+ e5 17. Bg3 h6 18. gxf6 gxf6 19. Ne4 Be7 20. b3 Bd5 21. Rxd5 cxd5 22. Nxf6 Bxf6 23. bxc4 Rhe8 24. cxd5 Kb6 25. Re1 Kc5 26. Nxe5 Bxe5 27. Bxe5 Kxd5 28. f4 Rad8 29. Re3 Ke6 30. Bc7+ Kf5 31. Rb3 Re1+ 32. Kb2 Rdd1 33. Rb5+ Ke6 34. Kc3 Rb1 35. Ra5 a6 36. f5+ Kf7 37. Rd5 Rbd1 38. Rc5 Re3+ 39. Kb2 Rf3 40. Bb8 Rd7 41. Re5 Rh3 42. f6 Kxf6 43. Ra5 Rf3 44. Be5+ Ke6 45. Bc3 Rf5 46. Ra4 Rxh5 47. Re4+ Kd5 48. Rd4+ Kc6 49. Rc4+ Rc5 50. Rh4 h5 51. a4 Rd8 52. Bb4 Rcd5 53. Rc4+ Kd7 54. Be1 Rg8 55. Rf4 Ke6 56. c4 Rd3 57. Bc3 Rg2+ 58. Kb3 Rgg3 59. Rf6+ Ke7 0-1

[Event "Buenos Aires op GP3"]
[Site "Buenos Aires"]
[Date "1991.??.??"]
[Round "?"]
[White "Biancosino, Rafael"]
[Black "Giaccio, Alfredo Gustavo"]
[Result "1/2-1/2"]
[WhiteElo "2250"]
[BlackElo "2325"]
[PlyCount "70"]
[EventDate "1991.??.??"]
[EventType "swiss"]
[EventRounds "7"]
[EventCountry "ARG"]
[SourceTitle "EXT 2004"]
[Source "ChessBase"]
[SourceDate "2003.11.25"]
[SourceVersion "1"]
[SourceVersionDate "2003.11.25"]
[SourceQuality "1"]

1. e4 e6 2. b3 d5 3. exd5 exd5 4. Bb2 Nc6 5. h3 Bf5 6. Nf3 a6 7. Be2 Nf6 8. 0-0 h6 9. d4 Be7 10. Ne5 Nb4 11. Na3 c5 12. c3 Nc6 13. Nxc6 bxc6 14. dxc5 Bxc5 15. b4 Be7 16. Qa4 Bd7 17. Qc2 0-0 18. Rad1 Re8 19. Bf3 Be6 20. Rfe1 Qb8 21. Nb1 Nh7 22. Bc1 Ng5 23. Bxg5 hxg5 24. a3 a5 25. Nd2 axb4 26. cxb4 Qf4 27. Bh5 Bd6 28. Nf3 Bf5 29. Qc1 Qxc1 30. Rxc1 Bf4 31. Rxe8+ Rxe8 32. Ra1 g4 33. Bxg4 Bxg4 34. hxg4 Be5 35. Nxe5 Rxe5 1/2-1/2